• 首页
  • 本馆介绍
  • 公告通知
  • 最新文献
  • 馆藏检索
  • 电子资源
  • 读者导购
  • 参考咨询
  • 我的图书馆
  • 登录
  • 详细信息显示
  • 放入我的书架
  • 预约/预借图书
  • 作者相关作品
  • 分类相关作品
  • 丛书相关作品
  • 出版社相关作品

书目信息

  • 表格格式
  • 工作单格式
  • 卡片格式
题名:
普通测量
    
 
作者: ;清华大学土木工程系测量教研组 编著
分册:  
出版信息: 北京   中国建筑工业出版社  1985
页数: 527页
开本: 20cm
丛书名:
单 册:
中图分类: TU19
科图分类:
主题词: 建筑工程--地质勘探 , 建筑--观测 , 建筑测量
电子资源:
ISBN:
000 00780nam0 2200277 45
001 0185009839
005 20040514101251.2
010    @dCNY3.05
091    @a15040.4746
100    @a19930928d1985 em y0chiy0121 ea
101 0  @achi
102    @aCN@b110000
105    @ay z 000yy
106    @ar
200 10 @a普通测量@Apu tong ce liang@f清华大学土木工程系测量教研组编著
205    @a3版
210    @a北京@c中国建筑工业出版社@d1985
215    @a527页@d20cm
606 0  @a建筑工程@x地质勘探
606 0  @a建筑@x观测
606 0  @a建筑测量
690    @aTU19
711 02 @a清华大学土木工程系测量教研组@Aqing hua da xue tu mu gong cheng xi ce liang jiao yan zu@4编著
801  0 @aCN@b深圳图书馆@c20040514
801  2 @aCN@bNLC@c20040514
905    @f1@b137302@dTU19@e112=3
    
    普通测量/清华大学土木工程系测量教研组编著.-3版.-北京:中国建筑工业出版社,1985
    527页;20cm
    
    
    ISBN :CNY3.05
    
●
相关链接 在E读中查询图书 在五车中查询图书 在当当中查询图书 在豆瓣中查询图书


正题名:普通测量     索取号:TU19/112=3         预约/预借

序号 登录号 条形码 馆藏地/架位号 状态 备注
1 0137302   001484557   第三借阅区/ [索取号:TU19/112=3] 在馆    
2 0137303   001484566   第二样本阅览室/ [索取号:TU19/112=3] 在馆    
唐山师范学院图书馆 欢迎您!
大连网信软件有限公司© 版权所有